000 00558nam a2200229Ia 4500
003 OSt
005 20220924144037.0
006 a|||||r|||| 00| 0
007 ta
008 220923b |||||||| |||| 00| 0 urd d
024 _a311628
037 _cTextual
040 _aARTS
_cARTS
_burd
041 _2urd
_aurd
082 _aO168,1:g, J5.2
100 _aLucknowi Mehzab
245 0 _aDaur-e-Shairi
260 _c1955
650 _aURDU POETRY
942 _hO168,1:g, J5.2
_cTEXL
_2CC
999 _c455990
_d455990